00511nam a2200205Ia 4500008004100000020001400041050001400055100001700069245003000086245004400116245001700160260001500177260001600192260000900208300001600217300002700233300001000260440002600270500000900296170918s9999 xx 000 0 und d a590428977 bH351 1992 aHaskins, Jim aOne more river to cross : bthe stories of twelve black Americans / cJim Haskins. aNew York : bScholastic, c1992 a215 pages : bcolored illustration ; c19cm. aScholastic biography. a1070